[Event "POL-ch U16"]
[Site "Wisla"]
[Date "2000.??.??"]
[Round "6"]
[White "Plichta, Andrzej"]
[Black "Skrzypnik, Maciej"]
[Result "0-1"]
[WhiteElo "1800"]
[BlackElo "2238"]
[PlyCount "68"]
[EventDate "2000.02.26"]
[EventType "swiss"]
[EventRounds "10"]
[EventCountry "POL"]
[SourceTitle "EXT 2005"]
[Source "ChessBase"]
[SourceDate "2004.11.15"]
[SourceVersion "1"]
[SourceVersionDate "2004.11.15"]
[SourceQuality "1"]

1. e4 Nf6 2. e5 Nd5 3. d4 d6 4. Nf3 g6 5. Bc4 c6 6. Nc3 Nxc3 7. bxc3 d5 8. Bd3 Bg4 9. 0-0 e6 10. h3 Bxf3 11. Qxf3 Nd7 12. a4 c5 13. Ba3 c4 14. Bxf8 Rxf8 15. Be2 Qc7 16. a5 0-0-0 17. Rfb1 f6 18. Qe3 fxe5 19. dxe5 Kb8 20. f4 Qc5 21. Qxc5 Nxc5 22. g3 Ne4 23. Kg2 Nxc3 24. Re1 Nb5 25. a6 b6 26. Bg4 h5 27. Bf3 Kc7 28. Ra4 Nd4 29. Ra2 b5 30. Rb1 Rb8 31. c3 Nxf3 32. Kxf3 Rb6 33. h4 Rfb8 34. Ke3 b4 0-1